プロ野球スピリッツA【プロスピA】 弾道ラインドライブの選手名 - Statistics

General Stats
  • This quiz has been taken 167 times
    11 since last reset
  • The average score is 43 of 157
Answer Stats
球団名 選手名 % Correct
巨人 | 楽天 オコエ瑠偉
86%
DeNA | 巨人 J.シピン
86%
巨人 泉口友汰
71%
ソフトバンク 牧原大成
71%
ロッテ | 日本ハム 岡大海
71%
ロッテ 佐藤都志也
71%
ヤクルト J.オスナ
71%
DeNA | 巨人 梶谷隆幸
57%
巨人 川上哲治
57%
阪神 前川右京
57%
DeNA 鈴木尚典
57%
DeNA 宮﨑敏郎
57%
広島 坂倉将吾
57%
広島 堂林翔太
57%
広島 鈴木誠也
57%
ヤクルト | 楽天 茂木栄五郎
57%
ヤクルト | 日本ハム | 楽天 西川遥輝
57%
ソフトバンク | 日本ハム 近藤健介
57%
ソフトバンク | 西武 佐々木誠
57%
ソフトバンク 柳田悠岐
57%
日本ハム 松本剛
57%
楽天 辰己涼介
57%
楽天 小深田大翔
57%
楽天 島内宏明
57%
楽天 嶋基宏
57%
オリックス 宗佑磨
57%
オリックス 森友哉
57%
ヤクルト D.サンタナ
57%
阪神 鳥谷敬
43%
日本ハム | 阪神 渡邉諒
43%
オリックス | 日本ハム | 阪神 糸井嘉男
43%
中日 | 阪神 福留孝介
43%
DeNA 神里和毅
43%
楽天 中島大輔
43%
楽天 太田光
43%
楽天 小郷裕哉
43%
楽天 和田恋
43%
オリックス 吉田正尚
43%
西武 渡部聖弥
43%
楽天 C.ギッテンス
43%
中日 D.ビシエド
43%
広島 | 阪神 金本知憲
29%
DeNA(Cランク) | 楽天 藤田一也
29%
ヤクルト | 日本ハム 稲葉篤紀
29%
ヤクルト 雄平
29%
中日 高橋周平
29%
中日 立浪和義
29%
ソフトバンク 松田宣浩
29%
ソフトバンク 中村晃
29%
ソフトバンク 山本和範
29%
ソフトバンク 長谷川勇也
29%
日本ハム | 西武 平沼翔太
29%
日本ハム(低弾道→ライドラ) 杉谷拳士
29%
日本ハム(低弾道→ライドラ) 大野奨太
29%
ロッテ 堀幸一
29%
ロッテ 福浦和也
29%
ロッテ 安田尚憲
29%
楽天 山﨑剛
29%
楽天(Aランク) 堀内謙伍
29%
西武 テリー
29%
西武 野村大樹
29%
日本ハム A.アルカンタラ
29%
広島 S.ファビアン
29%
ヤクルト | 巨人(Bランク) 北村拓己
14%
広島 | 阪神 新井貴浩
14%
阪神 伊藤隼太
14%
DeNA 小池正晃
14%
DeNA 佐伯貴弘
14%
ヤクルト 岩村明憲
14%
ヤクルト 畠山和洋
14%
中日 森野将彦
14%
中日(Cランク) 小笠原道大
14%
ソフトバンク 上林誠知
14%
日本ハム 淺間大基
14%
日本ハム 万波中正
14%
日本ハム 王柏融
14%
日本ハム 清水優心
14%
日本ハム 大谷翔平
14%
ロッテ 今江敏晃
14%
ロッテ 福田光輝
14%
ロッテ 加藤翔平
14%
ロッテ 井口資仁
14%
楽天 今江年晶
14%
楽天 リック
14%
楽天 銀次
14%
楽天(Bランク) 足立祐一
14%
楽天(Bランク) 阿部俊人
14%
楽天(Cランク) 栗原健太
14%
オリックス 簑田浩二
14%
オリックス 松永浩美
14%
西武 石毛宏典
14%
広島 A.メヒア
14%
西武 G.G.佐藤
14%
ロッテ | 巨人 L.クルーズ
14%
巨人(Cランク) | 楽天(Cランク) 八百板卓丸
0%
巨人(Dランク) 辻東倫
0%
日本ハム | 阪神 片岡篤史
0%
阪神 江越大賀
0%
DeNA 乙坂智
0%
広島(Bランク) | 楽天 三好匠
0%
広島(Dランク) 土生翔平
0%
ヤクルト 大引啓次
0%
ヤクルト(Bランク) 武内晋一
0%
中日 堂上直倫
0%
中日 江藤慎一
0%
中日 井領雅貴
0%
ソフトバンク 真砂勇介
0%
ソフトバンク 井上朋也
0%
オリックス | 日本ハム 小谷野栄一
0%
日本ハム(Cランク) 岸里亮佑
0%
ロッテ 池田来翔
0%
ロッテ 高沢秀昭
0%
オリックス 野口智哉
0%
オリックス(Bランク) 小田裕也
0%
西武 片岡易之
0%
中日 A.パウエル
0%
中日 A.エルナンデス
0%
西武 C.スパンジェンバーグ
0%
阪神 J.マルテ
0%
広島 J.ピレラ
0%
ロッテ J.パラデス
0%
楽天 J.マルモレホス
0%
ヤクルト(Dランク) L.ミレッジ
0%
阪神 M.マートン
0%
中日 M.ガーバー
0%
広島(Cランク) N.シアーホルツ
0%
広島(Dランク) R.ロサリオ
0%
中日 R.ナニータ
0%
オリックス R.ラベロ
0%
阪神 T.オマリー
0%
阪神 W.ロサリオ
0%
ロッテ | 楽天 W.ペーニャ
0%
No matching quizzes found
Score Distribution
Percent of People with Each Score
Percentile by Number Answered
Your Score History
You have not taken this quiz since the last reset